000 00573 a2200193 4500
001 130813
020 _a85-02-01853-1
040 _cLeonardo Da Vinci
041 _aPortuguês
082 _a342.05 B327c
_bB327c
100 _aBASTOS, Celso Ribeiro
245 _aCurso de direito administrativo
250 _a3.ed
260 _bSaraiva
_c1999
_aSão Paulo
300 _a346
362 _a19990000
697 _aDireito
_aDireito administrativo
_aLegislação
_aLeis
_aLicitação
_aAdministração pública
_aContrato
_aContrato administrativo
_aBrasil
_aFIPEN
942 _cBK
999 _c130813
_d130813